000 01049nam a2200241 a 4500
001 78940
003 BD-RjUL
005 20211209083207.0
008 211130s2020 bg ||||| |||| 00| 0 ben d
020 _a9789849465232
_c: Tk. 200.00
035 _a(BD-RjUL)79167
040 _aBD-RjUL
_beng
_cBD-RjUL
041 _aben
082 _223
_a954.9205092
_bAHS 2020
100 _aআহমেদ, তোফায়েল
_9250856
245 1 0 _aশেখ মুজিবুর রহমান ইতিহাসের মহামানব /
_cতোফায়েল আহমেদ; সংকলন দিন ইসলাম রুবেল
260 _aঢাকা :
_bবর্ণমালা,
_c২০২০
300 _a৯৩ পৃ.:
_bচিত্রসমূহ ;
_c২২ সেমি.
600 _aমুজিবুর রহমান,
_cশেখ,
_d১৯২০-১৯৭৫
_9250861
600 _aMujibur Rahman,
_cSheikh,
_d1920-1975
_9250862
700 _aরুবেল, দিন ইসলাম
_9250863
942 _2ddc
_cBK
999 _c78940
_d78940